The daughters of Karl Marx : family correspondence, 1866-98 /

Bibliographic Details
Main Author: Longuet, Jenny Marx, 1844-1883
Other Authors: Lafargue, Laura Marx, Aveling, Eleanor Marx, 1855-1898, Meier, Olga
Format: Book
Language:English
French
Published: New York : Harcourt Brace Jovanovich, [1982]
Edition:1st ed.
Subjects:

MARC

Tag First Indicator Second Indicator Subfields
LEADER 00000cam a22000008a 4500
001 in00000089111
005 20151008065308.0
008 810924s1982 nyuafj 00110ceng
010 |a  81047302  
020 |a 0151239711 
035 |a (OCoLC)07836038 
035 |9 AAK5703AM 
039 0 |a 2  |b 3  |c 3  |d 3  |e 3 
040 |a DLC  |c DLC  |d TXA  |d UtOrBLW 
041 1 |a eng  |a fre 
049 |a TXAM  |c [1673138] 
050 0 0 |a HX23  |b .L6613 
082 0 |a 335.4/092/2  |2 19 
100 1 |a Longuet, Jenny Marx,  |d 1844-1883. 
240 1 0 |a Filles de Karl Marx.  |l English 
245 1 4 |a The daughters of Karl Marx :  |b family correspondence, 1866-98 /  |c commentary and notes by Olga Meier ; translated and adapted by Faith Evans ; introduction by Sheila Rowbotham. 
250 |a 1st ed. 
263 |a 8203 
264 1 |a New York :  |b Harcourt Brace Jovanovich,  |c [1982] 
264 4 |c ©1982 
300 |a xl, 342 pages, 8 unnumbered pages of plates :  |b illustrations, genealogical table ;  |c 24 cm. 
336 |a text  |b txt  |2 rdacontent 
337 |a unmediated  |b n  |2 rdamedia 
338 |a volume  |b nc  |2 rdacarrier 
500 |a Translation of: Les filles de Karl Marx. 
500 |a Letters of Jenny Marx Longuet, Laura Marx Lafargue, and Eleanor Marx Aveling. 
500 |a "A Helen and Kurt Wolff book." 
504 |a Includes bibliographical references and indexes. 
650 0 |a Communists  |v Correspondence. 
700 1 |a Lafargue, Laura Marx. 
700 1 |a Aveling, Eleanor Marx,  |d 1855-1898. 
700 1 |a Meier, Olga. 
999 |a MARS 
999 f f |s d397f70e-ee71-3a30-9f05-fdf192f76e8f  |i 8f4f4ae3-7bb7-35ba-846b-b0498c0059d2  |t 0 
952 f f |p ric  |a Texas A&M University  |b Rellis Campus  |c Joint Library Facility  |d Remote Storage  |t 0  |e HX23 .L6613  |h Library of Congress classification  |i unmediated -- volume  |m A14806147425 
998 f f |a HX23 .L6613  |t 0  |l Remote Storage